Pays qui sont mises en bleu - Statistics

General Stats
  • This quiz has been taken 41 times
  • The average score is 11 of 15
Answers on the Map
Answers color-coded by a green-red scale on the quiz's map according to % correct below.
 
Answer Stats
Answer % Correct
Japon
97%
Australie
89%
Chili
89%
Thaïlande
89%
Bangladesh
87%
Bolivie
84%
Equateur
84%
Ethiopie
84%
Guatemala
82%
Mauritanie
76%
Serbie
76%
Zambie
76%
Gabon
71%
Singapour
3%
Vatican
0%
No matching quizzes found
Score Distribution
Percent of People with Each Score
Percentile by Number Answered
Your Score History
You have not taken this quiz